<?xml version="1.0" encoding="UTF-8"?>
<record
    xmlns:xsi="http://www.w3.org/2001/XMLSchema-instance"
    xsi:schemaLocation="http://www.loc.gov/MARC21/slim http://www.loc.gov/standards/marcxml/schema/MARC21slim.xsd"
    xmlns="http://www.loc.gov/MARC21/slim">

  <leader>04515nam a2200457Ia 4500</leader>
  <controlfield tag="001">dia_2946</controlfield>
  <controlfield tag="003">CHAP</controlfield>
  <controlfield tag="005">20250626174652.0</controlfield>
  <controlfield tag="007">ta</controlfield>
  <controlfield tag="008">220117s1979    sp ado fr     001 0 spa d</controlfield>
  <datafield tag="010" ind1=" " ind2=" ">
    <subfield code="a">173449</subfield>
  </datafield>
  <datafield tag="020" ind1=" " ind2=" ">
    <subfield code="a">84-200-0423-5</subfield>
  </datafield>
  <datafield tag="040" ind1=" " ind2=" ">
    <subfield code="c">CHAP</subfield>
    <subfield code="a">mxchpua</subfield>
    <subfield code="e">rda</subfield>
  </datafield>
  <datafield tag="041" ind1=" " ind2=" ">
    <subfield code="a">spa</subfield>
    <subfield code="b">spa</subfield>
    <subfield code="f">spa</subfield>
    <subfield code="h">eng</subfield>
  </datafield>
  <datafield tag="050" ind1="1" ind2=" ">
    <subfield code="a">TX373</subfield>
    <subfield code="b">.F86 1979</subfield>
  </datafield>
  <datafield tag="082" ind1=" " ind2=" ">
    <subfield code="2">20</subfield>
    <subfield code="a">664.92 </subfield>
    <subfield code="b">F86 1979</subfield>
  </datafield>
  <datafield tag="240" ind1="1" ind2="0">
    <subfield code="a">Principles of meat science.</subfield>
    <subfield code="l">Espa&#xF1;ol</subfield>
  </datafield>
  <datafield tag="245" ind1="1" ind2="0">
    <subfield code="a">Fundamentos de ciencia de la carne /</subfield>
    <subfield code="c">John C. Forrest...[et al.] ; traductor Bernab&#xE9; Sanz P&#xE9;rez</subfield>
  </datafield>
  <datafield tag="250" ind1=" " ind2=" ">
    <subfield code="a">1a edici&#xF3;n</subfield>
  </datafield>
  <datafield tag="264" ind1=" " ind2=" ">
    <subfield code="a">Zaragoza, Espa&#xF1;a :</subfield>
    <subfield code="b">Acribia,</subfield>
    <subfield code="c">1979</subfield>
  </datafield>
  <datafield tag="300" ind1=" " ind2=" ">
    <subfield code="a">364 p&#xE1;ginas :</subfield>
    <subfield code="b">ilustraciones, gr&#xE1;ficas, diagramas, tablas, fotos</subfield>
  </datafield>
  <datafield tag="336" ind1=" " ind2=" ">
    <subfield code="2">rdacontent</subfield>
    <subfield code="a">texto</subfield>
    <subfield code="b">txt</subfield>
  </datafield>
  <datafield tag="337" ind1=" " ind2=" ">
    <subfield code="2">rdamedia</subfield>
    <subfield code="a">no mediado</subfield>
    <subfield code="b">n</subfield>
  </datafield>
  <datafield tag="338" ind1=" " ind2=" ">
    <subfield code="2">rdacarrier</subfield>
    <subfield code="a">volumen</subfield>
    <subfield code="b">nc</subfield>
  </datafield>
  <datafield tag="500" ind1=" " ind2=" ">
    <subfield code="a">Los ejemplares 1, 2, 3, 4, 11 son material fotocopiado</subfield>
  </datafield>
  <datafield tag="504" ind1=" " ind2=" ">
    <subfield code="a">Incluye bibliograf&#xED;as</subfield>
  </datafield>
  <datafield tag="505" ind1="0" ind2=" ">
    <subfield code="a">Pr&#xF3;logo --
I. Introducci&#xF3;n --
1. La carne como alimento --
2. Fines que persigue la producci&#xF3;n animal --
II. Tejido muscular y anejos --
3. Estructura y composici&#xF3;n del m&#xFA;sculo y tejidos anejos --
4. Crecimiento y desarrollo --
5. Mecanismo de la contracci&#xF3;n muscular --
III. Ciencia de la carne --
6. Conversi&#xF3;n del m&#xFA;sculo en carne --
7. Factores que influenc&#xED;an los cambios postmortales y las propiedades finales de la carne --
8. Propiedades de la carne fresca --
9. Fundamentos del procesado de la carne --
10. Microbiolog&#xED;a, alteraci&#xF3;n y contaminaci&#xF3;n de carne --
11. M&#xE9;todos de almacenamiento y conservaci&#xF3;n de la carne --
12. Palatibilidad y cocinado de la carne --
13. Valor nutritivo --
14. Inspecci&#xF3;n de la carne --
15. Categorizaci&#xF3;n y normalizaci&#xF3;n de la carne --
16. Subproductos de la industria c&#xE1;rnica --
17. Identificaci&#xF3;n de la carne --
&#xCD;ndice</subfield>
  </datafield>
  <datafield tag="520" ind1="2" ind2=" ">
    <subfield code="a">Los cursos sobre Ciencia de la Carne de muchas universidades se dirigen a eso lares con una gran variedad de intereses y preparaci&#xF3;n. Al escribir este libro intentamos proporcionar a los estudiantes universitarios un texto que cubriese el programa de un curso de introducci&#xF3;n a la Ciencia de la Carne. Aunque se dispone de excelentes libros de consulta, sin embargo, ninguno de ellos cubre todos los aspectos, puestos al d&#xED;a, que se dictan en un curso de introducci&#xF3;n a la Ciencia de la Carne. EI libro que hoy presentamos se escribi&#xF3; teniendo en cuenta tal necesidad. &#xAB;Ciencia de la Carne y de los Productos C&#xE1;rnicos", ha servido como excelente texto de consulta a los estudiantes del doctorado. En ning&#xFA;n momento pretendimos duplicar con nuestro libro el contenido de Ciencia de la Carne y de los Productos C&#xE1;rnicos, sino simplemente suplementarlo un texto a nivel de introducci&#xF3;n. Este libro ha tardado cinco a&#xF1;os en ver la luz y la mayor&#xED;a de sus cap&#xED;tulos derivan de las lecciones dictadas por sus autores en cursos semestrales. Con el fin de complementarlo al m&#xE1;ximo, se incluyen datos sobre la carne producida por el ganado vacuno, de cerda, lanares, aves, pescado e incluso de otras especies. Puesto que muchos de los fundamentos de la Ciencia de la Carne son comunes a todas las especies animales productoras de este alimento, a menudo se ha prescindido de un exceso de referencias espec&#xED;ficas de un tipo de ganado. S&#xF3;lo se han incorporado aquellas propiedades particulares de la carne que son t&#xED;picas de una especie animal, ya que es pr&#xE1;cticamente imposible cubrirlas en toda su extensi&#xF3;n en todas y cada una de las especies animales productoras. Adem&#xE1;s, este libro se escribi&#xF3; pensando en la industria c&#xE1;rnica estadounidense; por ello hay que recordar que algunos datos concretos de los incluidos en el texto var&#xED;an bastante con respecto a la industria c&#xE1;rnica de otras &#xE1;reas del globo. Esto es especialmente cierto en lo concerniente a normas de inspecci&#xF3;n c&#xE1;rnica, clasificaci&#xF3;n y normalizaci&#xF3;n de las carnes, y nombres que reciben los distintos cortes.&#xA0;</subfield>
  </datafield>
  <datafield tag="650" ind1="1" ind2="3">
    <subfield code="a">Carne  </subfield>
    <subfield code="9">19053</subfield>
    <subfield code="2">atg</subfield>
  </datafield>
  <datafield tag="650" ind1="1" ind2="3">
    <subfield code="a">Industria y comercio de la carne  </subfield>
    <subfield code="9">138318</subfield>
    <subfield code="2">atg</subfield>
  </datafield>
  <datafield tag="650" ind1="1" ind2="3">
    <subfield code="a">Ciencia de la carne</subfield>
    <subfield code="9">138316</subfield>
    <subfield code="2">atg</subfield>
  </datafield>
  <datafield tag="650" ind1="1" ind2="3">
    <subfield code="a">Meat  </subfield>
    <subfield code="9">150746</subfield>
    <subfield code="2">atg</subfield>
  </datafield>
  <datafield tag="650" ind1="1" ind2="3">
    <subfield code="a">Meat industry and trade</subfield>
    <subfield code="9">151411</subfield>
    <subfield code="2">atg</subfield>
  </datafield>
  <datafield tag="650" ind1="1" ind2="3">
    <subfield code="a">Meat science</subfield>
    <subfield code="9">153829</subfield>
    <subfield code="2">atg</subfield>
  </datafield>
  <datafield tag="700" ind1="1" ind2=" ">
    <subfield code="a">Forrest, John C.</subfield>
    <subfield code="9">42614</subfield>
    <subfield code="e">autor</subfield>
  </datafield>
  <datafield tag="700" ind1="1" ind2=" ">
    <subfield code="a">Sanz P&#xE9;rez, Bernab&#xE9;</subfield>
    <subfield code="9">150473</subfield>
    <subfield code="e">traductor</subfield>
  </datafield>
  <datafield tag="901" ind1=" " ind2=" ">
    <subfield code="a">664.92 F86 1979</subfield>
  </datafield>
  <datafield tag="902" ind1=" " ind2=" ">
    <subfield code="a">M</subfield>
  </datafield>
  <datafield tag="905" ind1=" " ind2=" ">
    <subfield code="a">5232271979                          sp aimn8222223322spa16</subfield>
  </datafield>
  <datafield tag="942" ind1=" " ind2=" ">
    <subfield code="c">LIBRO</subfield>
    <subfield code="2">ddc</subfield>
  </datafield>
  <datafield tag="999" ind1=" " ind2=" ">
    <subfield code="c">173449</subfield>
    <subfield code="d">173449</subfield>
  </datafield>
  <datafield tag="952" ind1=" " ind2=" ">
    <subfield code="0">0</subfield>
    <subfield code="1">0</subfield>
    <subfield code="2">ddc</subfield>
    <subfield code="4">0</subfield>
    <subfield code="5">5</subfield>
    <subfield code="7">0</subfield>
    <subfield code="8">GRAL</subfield>
    <subfield code="a">IA_</subfield>
    <subfield code="b">IA_</subfield>
    <subfield code="d">1989-03-31</subfield>
    <subfield code="e">Compra Librer&#xED;a Gaona F. 1650 / R. 22417 (11/04/1989)</subfield>
    <subfield code="g">91403.00</subfield>
    <subfield code="i">145368</subfield>
    <subfield code="l">7</subfield>
    <subfield code="m">5</subfield>
    <subfield code="o">664.92  F86 1979</subfield>
    <subfield code="p">1102002957</subfield>
    <subfield code="q">2026-03-09</subfield>
    <subfield code="r">2026-02-23 15:09:18</subfield>
    <subfield code="s">2026-02-23</subfield>
    <subfield code="t">Ej. 2</subfield>
    <subfield code="y">LIBRO</subfield>
  </datafield>
  <datafield tag="952" ind1=" " ind2=" ">
    <subfield code="0">0</subfield>
    <subfield code="1">0</subfield>
    <subfield code="2">ddc</subfield>
    <subfield code="4">0</subfield>
    <subfield code="5">5</subfield>
    <subfield code="7">0</subfield>
    <subfield code="8">GRAL</subfield>
    <subfield code="a">IA_</subfield>
    <subfield code="b">IA_</subfield>
    <subfield code="d">1989-11-30</subfield>
    <subfield code="e">Compra Librer&#xED;a Patena F. 4530 / R. (27/04/1990)</subfield>
    <subfield code="g">72800.00</subfield>
    <subfield code="i">C/e</subfield>
    <subfield code="l">15</subfield>
    <subfield code="m">13</subfield>
    <subfield code="o">664.92  F86 1979</subfield>
    <subfield code="p">1102003173</subfield>
    <subfield code="r">2026-03-06 09:42:41</subfield>
    <subfield code="s">2026-02-20</subfield>
    <subfield code="t">Ej. 3</subfield>
    <subfield code="y">LIBRO</subfield>
  </datafield>
  <datafield tag="952" ind1=" " ind2=" ">
    <subfield code="0">0</subfield>
    <subfield code="1">0</subfield>
    <subfield code="2">ddc</subfield>
    <subfield code="4">0</subfield>
    <subfield code="5">5</subfield>
    <subfield code="7">0</subfield>
    <subfield code="8">GRAL</subfield>
    <subfield code="a">IA_</subfield>
    <subfield code="b">IA_</subfield>
    <subfield code="d">1989-11-30</subfield>
    <subfield code="e">Compra Librer&#xED;a Patena F. 4530 / R. (27/04/1990)</subfield>
    <subfield code="g">72800.00</subfield>
    <subfield code="i">C/e</subfield>
    <subfield code="l">17</subfield>
    <subfield code="m">14</subfield>
    <subfield code="o">664.92  F86 1979</subfield>
    <subfield code="p">1102003174</subfield>
    <subfield code="r">2026-04-20 13:24:50</subfield>
    <subfield code="s">2026-04-13</subfield>
    <subfield code="t">Ej. 4</subfield>
    <subfield code="y">LIBRO</subfield>
  </datafield>
  <datafield tag="952" ind1=" " ind2=" ">
    <subfield code="0">0</subfield>
    <subfield code="1">0</subfield>
    <subfield code="2">ddc</subfield>
    <subfield code="4">0</subfield>
    <subfield code="5">1</subfield>
    <subfield code="7">0</subfield>
    <subfield code="8">GRAL</subfield>
    <subfield code="a">IA_</subfield>
    <subfield code="b">IA_</subfield>
    <subfield code="d">1989-11-30</subfield>
    <subfield code="e">Compra Librer&#xED;a Patena F. 4530 / R. (27/04/1990)</subfield>
    <subfield code="g">72800.00</subfield>
    <subfield code="i">C/e</subfield>
    <subfield code="l">4</subfield>
    <subfield code="o">664.92  F86 1979</subfield>
    <subfield code="p">1102003175</subfield>
    <subfield code="r">2024-08-15 18:15:04</subfield>
    <subfield code="s">2024-08-15</subfield>
    <subfield code="t">EJ. 1</subfield>
    <subfield code="y">LIBRO</subfield>
  </datafield>
  <datafield tag="952" ind1=" " ind2=" ">
    <subfield code="0">0</subfield>
    <subfield code="1">0</subfield>
    <subfield code="2">ddc</subfield>
    <subfield code="4">0</subfield>
    <subfield code="5">5</subfield>
    <subfield code="7">0</subfield>
    <subfield code="8">GRAL</subfield>
    <subfield code="a">IA_</subfield>
    <subfield code="b">IA_</subfield>
    <subfield code="d">1989-11-30</subfield>
    <subfield code="e">Compra Librer&#xED;a Patena F. 4530 / R. (27/04/1990)</subfield>
    <subfield code="g">72800.00</subfield>
    <subfield code="i">C/e</subfield>
    <subfield code="l">8</subfield>
    <subfield code="m">1</subfield>
    <subfield code="o">664.92 F86 1979</subfield>
    <subfield code="p">1102003176</subfield>
    <subfield code="q">2026-02-23</subfield>
    <subfield code="r">2026-02-09 15:09:09</subfield>
    <subfield code="s">2026-02-09</subfield>
    <subfield code="t">Ej. 5</subfield>
    <subfield code="y">LIBRO</subfield>
  </datafield>
  <datafield tag="952" ind1=" " ind2=" ">
    <subfield code="0">0</subfield>
    <subfield code="1">0</subfield>
    <subfield code="2">ddc</subfield>
    <subfield code="4">0</subfield>
    <subfield code="5">5</subfield>
    <subfield code="7">0</subfield>
    <subfield code="8">GRAL</subfield>
    <subfield code="a">IA_</subfield>
    <subfield code="b">IA_</subfield>
    <subfield code="d">1989-11-30</subfield>
    <subfield code="e">Compra Librer&#xED;a Patena F. 4530 / R. (27/04/1990)</subfield>
    <subfield code="g">72800.00</subfield>
    <subfield code="i">C/e</subfield>
    <subfield code="l">19</subfield>
    <subfield code="m">18</subfield>
    <subfield code="o">664.92  F86 1979</subfield>
    <subfield code="p">1102003177</subfield>
    <subfield code="r">2026-04-14 16:34:08</subfield>
    <subfield code="s">2026-03-13</subfield>
    <subfield code="t">Ej. 6</subfield>
    <subfield code="y">LIBRO</subfield>
  </datafield>
</record>
